Welcome to the Holygrace Academy Library

Please use search bar below to get started

MIND MAPPING (Record no. 9179)

MARC details
000 -LEADER
fixed length control field 00269nam a22001337a 4500
082 ## - DEWEY DECIMAL CLASSIFICATION NUMBER
Classification number 158
Item number KNI/M
100 ## - MAIN ENTRY--AUTHOR NAME
Personal name KNIGHT, KAM
245 ## - TITLE STATEMENT
Title MIND MAPPING
246 ## - VARYING FORM OF TITLE
Title proper/short title MIND MAPPING
Remainder of title MIND MAPPING
260 ## - PUBLICATION, DISTRIBUTION, ETC. (IMPRINT)
Year of publication 2025
300 ## - PHYSICAL DESCRIPTION
Number of Pages 175
650 ## - SUBJECT ADDED ENTRY--TOPICAL TERM
Topical Term MOTIVATIONAL
942 ## - ADDED ENTRY ELEMENTS (KOHA)
Koha item type Books
Holdings
Withdrawn status Lost status Collection code Home library Current library Date acquired Source of acquisition Cost, normal purchase price Full call number Accession Number Koha item type
    SELF STUDY , MOTIVATIONAL Main Library Main Library 02/12/2025 PURCHASED 200.00 158 KNI/M 13890 Books